LIBRARY & INFORMATION CENTRE, KCAET, TAVANUR

ONLINE PUBLIC ACCESS CATALOGUE (OPAC)

SWAT-MODFLOW INTEGRATED MODELLING APPROACH FOR SURFACE WATER-GROUNDWATER INTERACTION -A CASE STUDY (Record no. 17726)

MARC details
000 -LEADER
fixed length control field 00433nam a22001457a 4500
003 - CONTROL NUMBER IDENTIFIER
control field OSt
082 ## - DEWEY DECIMAL CLASSIFICATION NUMBER
Classification number 631.587
088 ## - REPORT NUMBER
Report number 587
100 ## - MAIN ENTRY--AUTHOR NAME
Personal name MAMATHA PRABHAKAR
245 ## - TITLE STATEMENT
Title SWAT-MODFLOW INTEGRATED MODELLING APPROACH FOR SURFACE WATER-GROUNDWATER INTERACTION -A CASE STUDY
260 ## - PUBLICATION, DISTRIBUTION, ETC. (IMPRINT)
Place of publication TAVANUR
Name of publisher Department of Irrigation and Drainage Engineering
Year of publication 2023
300 ## - PHYSICAL DESCRIPTION
Number of Pages 161+XXXIV
700 ## - ADDED ENTRY--PERSONAL NAME
Personal name SASIKALA.D
942 ## - ADDED ENTRY ELEMENTS (KOHA)
Koha item type Theses
Holdings
Collection code Home library Current library Full call number Accession Number Koha item type Public note
Reference KAUAET KAUAET 631.587 MAT/SW T 587 Theses PhD Thesis
free website counter